Adana Büyükşehir Belediyesi "gençlerimiz geleceğimizdir" düşüncesinden hareketle kentte faaliyet gösteren tüm spor kulüplerine ve amatör spora destek vermektedir 2010-2013 (Record no. 7640)

MARC details
000 -BAŞLIK
Sabit Uzunlukta Kontrol Alanı 00884na a2200241 4500
001 - KONTROL NUMARASI
Denetim Alanı 18943
003 - KONTROL NUMARASI IDENTIFIER
Denetim Alanı MIRAKIL
005 - SON İŞLEM TARİHİ VE ZAMANI
Denetim Alanı 20181213155145.0
008 - SABİT-BOY VERİ ELEMANLARI - GENEL BİLGİLER
Sabit Uzunlukta Kontrol Alanı 161205b tu 000 0
035 ## - SİSTEM KONTROL NUMARASI
Sistem Kontrol Numarası 18943
040 ## - KATALOGLAMA KAYNAK
Orijinal Kataloglama Ajansı Milas
Kataloglama Dili tur
Metne Dönüştürmek Ajansı TR-AnCHP
041 ## - DİL KODU
Metin / Ses Parça Veya Ayrı Başlığın Dil Kodu tur
082 ## - DEWEY ONLU SINIFLANDIRMA NUMARASI
Sınıflandırma Numarası 352.0956422
Ürün Numarası A22 [2013]
090 ## - SINIFLAMA NUMARASI
Sınıflama Numarası 352.0956422 A22 [2013]
245 ## - BAŞLIK TABLOSU
Başlık Adana Büyükşehir Belediyesi "gençlerimiz geleceğimizdir" düşüncesinden hareketle kentte faaliyet gösteren tüm spor kulüplerine ve amatör spora destek vermektedir 2010-2013
Sorumluluk Tablosu, Vb Adana Büyükşehir Belediyesi
260 ## - YAYIN, DAĞITIM, VB
Yayın, Dağıtım, Vb Yeri Adana
Yayıncı, Dağıtıcı, Vs Adı Adana Büyükşehir Belediyesi
Yayın, Dağıtım, Vb Tarihi [2013]
300 ## - FİZİKSEL TANIM
Kapsam 234 s.
Diğer Fiziksel Ayrıntıları fotoğ.,tbl.;
Boyutlar 28 sm
650 ## - KONU KATMA GİRİŞ - TOPİKAL DÖNEM
Topikal Süreli Veya Coğrafi Ad Giriş Elemanı Spora destek
Coğrafi Alt Bölümü Adana
650 ## - KONU KATMA GİRİŞ - TOPİKAL DÖNEM
Topikal Süreli Veya Coğrafi Ad Giriş Elemanı Yerel yönetimler
Genel Alt Bölümü Destekler
Coğrafi Alt Bölümü Adana
651 ## - KONU KATMA GİRİŞ - COĞRAFİ ADI
Coğrafi İsim Adana
Genel Alt Bölümü Spor kulüpleri
Kronolojik Alt Bölümü 2010-2013
651 ## - KONU KATMA GİRİŞ - COĞRAFİ ADI
Coğrafi İsim Adana
Kronolojik Alt Bölümü 2010-2013
Coğrafi Alt Bölümü Amatör sporlar
942 ## - EKLENDİ GİRİŞ ELEMANLARI (KOHA)
Sınıflandırma Veya Raf Düzeni Kaynak Dewey Decimal Classification
Koha Öğesi Türü Books
999 ## - SİSTEM KONTROL NUMARALARI (KOHA)
Koha Biblionumber 7640
Koha Biblioitemnumber 7640
Holdings
Kalıcı Konum Mevcut Konum Edinme Tarihi Edinim Kaynak Toplam Check-Out'Lar Tam Çağrı Numarası Barkod Tarih Son Görülme İtibaren Geçerli Fiyatlar Koha Öğesi Türü
CHP Kütüphanesi CHP Kütüphanesi 12/05/2016 Bağış   352.0956422 A22 [2013] 010156 12/05/2016 12/05/2016 Books